A man smiles at death with half a face /

Bibliographic Details
Main Author: Miguéis, José Rodrigues, 1901-1980
Format: Book
Language:English
Published: [Providence, R.I.] : Brown University Press, [1990]
Subjects:

MARC

Tag First Indicator Second Indicator Subfields
LEADER 00000cam a2200000 a 4500
001 in00000974313
005 20150927114434.0
008 900522s1990 riua b s00011deng
010 |a  90038976  
020 |a 0874515033 
035 |a (OCoLC)21874304 
035 |9 AEW8840AM 
040 |a DLC  |c DLC  |d UtOrBLW 
041 1 |a eng  |h por 
049 |a TXAM 
050 0 0 |a PQ9261.M568  |b H6613 1990 
082 0 0 |a 869.3/41  |2 20 
100 1 |a Miguéis, José Rodrigues,  |d 1901-1980. 
240 1 0 |a Homem sorri à morte, com meia cara.  |l English 
245 1 2 |a A man smiles at death with half a face /  |c José Rodrigues Miguéis ; translated and with an introduction by George Monteiro. 
264 1 |a [Providence, R.I.] :  |b Brown University Press,  |c [1990] 
264 4 |c ©1990 
300 |a xxviii, 78 pages :  |b illustrations ;  |c 23 cm. 
336 |a text  |b txt  |2 rdacontent 
337 |a unmediated  |b n  |2 rdamedia 
338 |a volume  |b nc  |2 rdacarrier 
500 |a Translation of: Um homem sorri à morte, com meia cara. 
504 |a Includes bibliographical references. 
650 0 |a Physician and patient  |v Fiction. 
650 0 |a Terminally ill  |v Fiction. 
999 |a MARS 
999 f f |s b42da97d-8d48-3b22-8918-8bb13ad93d68  |i 6a27de1b-b095-3115-a593-906b6d6ae246  |t 0 
952 f f |p ric  |a Texas A&M University  |b Rellis Campus  |c Joint Library Facility  |d Remote Storage  |t 0  |e PQ9261.M568 H6613 1990  |h Library of Congress classification  |i unmediated -- volume  |m A14813747707 
998 f f |a PQ9261.M568 H6613 1990  |t 0  |l Remote Storage